|
|
|
|
| LEADER |
01155nam a2200277 a 4500 |
| 001 |
4327173 |
| 008 |
090827s1988 si a b 000 0 eng d |
| 010 |
|
|
|a 88000263
|
| 020 |
|
|
|a 9971503069
|
| 020 |
|
|
|a 9971503093 (pbk.)
|
| 040 |
|
|
|a DLC
|c DLC
|d DLC
|
| 082 |
0 |
0 |
|a 523.1
|2 19
|
| 100 |
2 |
|
|a Domínguez-Tenreiro, Rosa.
|
| 245 |
1 |
3 |
|a An introduction to cosmology and particle physics /
|c Rosa Domínguez-Tenreiro, Mariano Quirós.
|
| 260 |
|
|
|a Singapore ;
|a New Jersey :
|b World Scientific,
|c c1988.
|
| 300 |
|
|
|a xi, 423 p. :
|b ill. ;
|c 23 cm.
|
| 500 |
|
|
|a Chiefly based on a series of lectures given at the Universidad Autónoma de Madrid during the spring of 1986.
|
| 504 |
|
|
|a Includes bibliographies.
|
| 541 |
1 |
|
|e 00014602
|
| 650 |
|
0 |
|a Cosmology.
|
| 650 |
|
0 |
|a Particles (Nuclear physics)
|
| 650 |
|
0 |
|a Nuclear astrophysics.
|
| 700 |
1 |
|
|a Quirós, M.
|
| 852 |
4 |
|
|a Ayesha Abed Library
|j General shelf
|
| 999 |
|
|
|c 3916
|d 3916
|
| 952 |
|
|
|0 0
|1 0
|2 ddc
|4 0
|6 523_100000000000000_DOM_1998
|7 0
|8 NFIC
|9 3560
|a BRACUL
|b BRACUL
|c GEN
|d 2009-09-15
|g 0.00
|l 4
|m 2
|o 523.1 DOM
|p 3010014602
|r 2025-08-31
|s 2025-08-31
|t 1
|w 2009-09-15
|y BK
|x No price found in the accession register.
|